000 00762cam a22002295a 4500
001 19227055
005 20170517103339.0
008 160812t2017 flua frb 001 0 eng d
020 _a9781498730570
040 _aDLC
_beng
_cDLC
_dDLC
_dEG-ScBUE
082 0 4 _222
_a660
_bABD
100 1 _aAbdel-Aal, Hussein K.
_924690
245 1 0 _aChemical engineering primer with computer applications /
_cHussein K. Abdel-Aal.
260 _aBoca Raton :
_bCRC Press / Taylor & Francis Group,
_cc.2017.
300 _axxvii, 258 p. :
_bill. ;
_c24 cm.
500 _aIndex : p. 251-258.
504 _aBibliography : p. 247-249.
650 7 _aChemical engineering
_xData processing.
_2BUEsh
_937112
653 _bENGGEN
_cMay2017
655 _vReading book
_934232
942 _2ddc
999 _c24835
_d24807